Roboty okolo nás

Na minha lista:
Detalhes bibliográficos
Outros Autores: Šmihula, Vladimír
Formato: Livro
Idioma:eslovaco
Publicado em: Bratislava Smena 1988
Edição:1. vyd.
Colecção:Sputnik
Tags: Adicionar Tag
Sem tags, seja o primeiro a adicionar uma tag!

MARC

LEADER 00000nam a2200000 4500
001 c035999
005 20260105115416.0
041 0 |a slo 
044 |a SK 
245 1 0 |a Roboty okolo nás  |c [Z ruš. prel.] Vladimír Šmihula 
250 |a 1. vyd. 
264 1 |a Bratislava  |b Smena  |c 1988 
300 |a 182 s. 
490 1 |a Sputnik 
830 0 |a Sputnik 
700 1 |a Šmihula, Vladimír